| 000 | 00971nam a22002295i 4500 | ||
|---|---|---|---|
| 001 | 158519 | ||
| 003 | ES-MaACL | ||
| 005 | 20230906211159.0 | ||
| 008 | 040831s1876 fr |||| | fre d | ||
| 040 |
_aCAM _bspa _cCAM |
||
| 100 | 1 |
_aMaillot, Eugène. _9129359 |
|
| 245 | 1 | 0 |
_aDe l'éclosion des graines de vers a soie _b: par le frottement, l'électricité et l'hivernation artificielle / _crevué des travaux les plus récents par E. Maillot. |
| 260 |
_aMontpellier : _bImprimerie Centrale : _bCoulet, libraire-éditeur, _c1876. |
||
| 300 |
_a23 p. ; _c28 cm. |
||
| 490 | 1 | _aMémoires et documents sur la sériciculture | |
| 594 | _aPrecede al tít.: Station Séricole de Montpellier, E. Maillot, directeur. | ||
| 650 | 4 |
_aSericicultura. _9136864 |
|
| 650 | 4 |
_aGusanos de seda. _9136213 |
|
| 830 | 0 |
_aMémoires et documents sur la sériciculture _9221863 |
|
| 852 |
_aES-MaACL _jT-664-F-3 _z-- Enc. hol. _z-- Enc. en un vol. facticio |
||
| 999 |
_c158519 _d158519 |
||